书目信息 |
| 题名: |
人工生命理论及其应用
|
|
| 作者: | 刘健勤 著 | |
| 分册: | ||
| 出版信息: | 北京 冶金工业出版社 1997.07 |
|
| 页数: | 209页 | |
| 开本: | 32开 | |
| 丛书名: | ||
| 单 册: | ||
| 中图分类: | Q81 | |
| 科图分类: | ||
| 主题词: | 生物工程 | |
| 电子资源: | ||
| ISBN: | 7-5024-2076-2 | |
| 000 | 00557nam0 2200193 45 | |
| 001 | 0010261072 | |
| 005 | 20001026103821.4 | |
| 010 | @a7-5024-2076-2@d13.00元 | |
| 100 | @a20001026d1997 km y0chiy0120 ea | |
| 101 | 0 | @achi |
| 105 | @a z 000yy | |
| 200 | 1 | @a人工生命理论及其应用@ARen Gong Sheng Ming Li Lun Ji Qi Ying Yong@f刘健勤著@FLiu Jian Qin Zhu |
| 210 | @a北京@c冶金工业出版社@d1997.07 | |
| 215 | @a209页@d32开 | |
| 606 | 0 | @a生物工程 |
| 690 | @aQ81@v3 | |
| 701 | 0 | @a刘健勤@4著 |
| 801 | @aCN@bPftUser@c20001026 | |
| 905 | @b190145-149@dQ81@eL681@f5 | |
| 人工生命理论及其应用/刘健勤著.-北京:冶金工业出版社,1997.07 |
| 209页;32开 |
| ISBN 7-5024-2076-2:13.00元 |
| ● |
| 相关链接 |
|
|
|
正题名:人工生命理论及其应用
索取号:Q81/L681
 
预约/预借
| 序号 | 登录号 | 条形码 | 馆藏地/架位号 | 状态 | 备注 |
| 1 | 190145 | 201901451 | 自科二线504/504自科库 37排2列3层/ [索取号:Q81/L681] | 在馆 | |
| 2 | 190146 | 201901460 | 自科二线504/504自科库 37排2列3层/ [索取号:Q81/L681] | 在馆 | |
| 3 | 190147 | 201901479 | 自科二线504/504自科库 37排2列3层/ [索取号:Q81/L681] | 在馆 | |
| 4 | 190148 | 201901488 | 自科二线504/504自科库 37排2列3层/ [索取号:Q81/L681] | 在馆 | |
| 5 | 190149 | 201901497 | 自科二线504/504自科库 37排2列3层/ [索取号:Q81/L681] | 在馆 |